[Event "FIDE WCC Blitz 2016 Men"]
[Site "Doha"]
[Date "2016.12.29"]
[Round "1"]
[White "Sanal, Vahap"]
[Black "Howell, David W L"]
[Result "1-0"]
[WhiteElo "2474"]
[BlackElo "2644"]
[PlyCount "125"]
[EventDate "2016.??.??"]
[EventType "blitz"]
[EventCountry "QAT"]
[SourceTitle "playchess.com"]
[Source "ChessBase"]

1. e4 e5 2. Nf3 Nc6 3. Bb5 Nge7 4. O-O Ng6 5. c3 a6 6. Ba4 d5 7. d4 dxe4 8.
Nxe5 Ngxe5 9. dxe5 Qxd1 10. Rxd1 Bd7 11. Bc2 Nxe5 12. Bxe4 O-O-O 13. Bf4 Bd6
14. Nd2 Rhe8 15. Bg3 f5 16. Bc2 g5 17. f3 h5 18. Nb3 f4 19. Bf2 Nc4 20. Be4
Nxb2 21. Rdb1 Na4 22. Na5 b6 23. Nb7 Be5 24. Nxd8 Rxd8 25. Bd4 Bxd4+ 26. cxd4
Bb5 27. Rb4 Nc3 28. Kf2 Re8 29. Re1 Kd8 30. Rb2 Re6 31. Rd2 Rd6 32. Bc2 Nxa2
33. Re5 Nb4 34. Rxg5 h4 35. Rg8+ Ke7 36. Rg7+ Kd8 37. Be4 a5 38. Rg8+ Kd7 39.
Bf5+ Kc6 40. Be4+ Kd7 41. d5 Rf6 42. Rg7+ Kd6 43. Rg8 a4 44. Rd8+ Kc5 45. Rc8
Kd6 46. Rb2 Nd3+ 47. Bxd3 Bxd3 48. Ra8 b5 49. Rd2 Bc4 50. Ra7 Rf5 51. Ra6+ Kd7
52. d6 Rd5 53. Rxd5 Bxd5 54. dxc7 Kxc7 55. Ke1 Kb7 56. Rd6 Bc4 57. Kd2 Kc7 58.
Rh6 a3 59. Kc1 b4 60. Rh5 b3 61. Rc5+ Kb6 62. Rxc4 Kb5 63. Rxf4 1-0

[Event "FIDE WCC Blitz 2016 Men"]
[Site "Doha"]
[Date "2016.12.29"]
[Round "3"]
[White "Tregubov, Pavel V"]
[Black "Ghaem Maghami, Ehsan"]
[Result "1/2-1/2"]
[WhiteElo "2585"]
[BlackElo "2574"]
[PlyCount "105"]
[EventDate "2016.??.??"]
[EventType "blitz"]
[EventCountry "QAT"]
[SourceTitle "playchess.com"]
[Source "ChessBase"]

1. d4 Nf6 2. c4 e6 3. Nc3 Bb4 4. e3 O-O 5. Bd3 c5 6. Nge2 d5 7. cxd5 exd5 8. a3
cxd4 9. axb4 dxc3 10. Nxc3 Nc6 11. b5 Ne5 12. O-O Bg4 13. Be2 Re8 14. h3 Bxe2
15. Nxe2 Qd7 16. Nd4 Ne4 17. Bd2 Nc4 18. Bc3 a6 19. bxa6 Rxa6 20. Rxa6 Nxc3 21.
bxc3 bxa6 22. Qc2 g6 23. Ra1 a5 24. Qa4 Qxa4 25. Rxa4 Rc8 26. Kf1 Rc5 27. Ke2
Nb6 28. Ra3 a4 29. Kd3 Kg7 30. Ra1 Kf6 31. Nc2 Rb5 32. Nb4 Ke5 33. g4 Kd6 34.
Kd4 Rc5 35. f3 Rc4+ 36. Kd3 Nd7 37. Ra2 Nc5+ 38. Kc2 h5 39. Nd3 Nxd3 40. Kxd3
f5 41. gxh5 gxh5 42. f4 Kc5 43. Kc2 Re4 44. Kd3 Rc4 45. Kc2 Re4 46. Kd3 Kb5 47.
Rb2+ Ka6 48. Rb8 Re7 49. Kd4 Re4+ 50. Kd3 Re7 51. Kd4 Re4+ 52. Kd3 Re7 53. Kd4
1/2-1/2

[Event "FIDE WCC Blitz 2016 Men"]
[Site "Doha"]
[Date "2016.12.29"]
[Round "3"]
[White "Shytaj, Luca"]
[Black "Maghsoodloo, Parham"]
[Result "0-1"]
[WhiteElo "2435"]
[BlackElo "2584"]
[PlyCount "94"]
[EventDate "2016.??.??"]
[EventType "blitz"]
[EventCountry "QAT"]
[SourceTitle "playchess.com"]
[Source "ChessBase"]

1. e4 c5 2. Nf3 d6 3. Bb5+ Nc6 4. O-O e5 5. Re1 Nge7 6. Nc3 g6 7. d3 Bg7 8. a4
O-O 9. h3 h6 10. Bc4 a6 11. Nd2 Rb8 12. Nf1 Kh7 13. Ne3 f5 14. exf5 gxf5 15.
Ned5 Be6 16. Nxe7 Qxe7 17. Bxe6 Qxe6 18. f4 Qg6 19. Nd5 Rbe8 20. c3 h5 21. Qf3
e4 22. dxe4 fxe4 23. Qf2 Ne5 24. Rf1 Nd3 25. Qh4 Qf7 26. c4 e3 27. Bxe3 Rxe3
28. Nxe3 Bd4 29. Rf3 Re8 30. Qg3 Rxe3 31. Rxe3 Qe6 32. Rd1 Bxe3+ 33. Kf1 Nxf4
34. b3 Qe4 35. Qf3 Qxf3+ 36. gxf3 Bd4 37. Re1 Be5 38. Rb1 a5 39. h4 Kg6 40. Kf2
Kf5 41. Ke3 Ng2+ 42. Kd3 Nxh4 43. Rh1 Bg3 44. Ke3 Kg5 45. Rd1 Nf5+ 46. Ke2 h4
47. Kf1 Ne3+ 0-1

[Event "FIDE WCC Blitz 2016 Men"]
[Site "Doha"]
[Date "2016.12.29"]
[Round "3"]
[White "Belyakov, Bogdan"]
[Black "Aronian, Levon"]
[Result "1/2-1/2"]
[WhiteElo "2487"]
[BlackElo "2785"]
[PlyCount "163"]
[EventDate "2016.??.??"]
[EventType "blitz"]
[EventCountry "QAT"]
[SourceTitle "playchess.com"]
[Source "ChessBase"]

1. e4 e5 2. Nf3 Nc6 3. Bc4 Bc5 4. b4 Bb6 5. Nc3 Nf6 6. O-O d6 7. Nd5 Nxd5 8.
exd5 Ne7 9. d4 exd4 10. Nxd4 O-O 11. Bb2 Ng6 12. a4 a5 13. bxa5 Bxa5 14. Nb3
Bb6 15. a5 Ba7 16. Bd3 Qg5 17. Qf3 Ne5 18. Qg3 Qxg3 19. hxg3 Nxd3 20. cxd3 Bf5
21. Rfd1 Rfc8 22. Rac1 Bd7 23. Re1 Kf8 24. Ba3 Bb8 25. Bb4 Re8 26. Re4 Ra6 27.
Nd4 c5 28. dxc6 bxc6 29. Rxe8+ Kxe8 30. Re1+ Kd8 31. Bc3 Bc7 32. Rb1 Bxa5 33.
Bxa5+ Rxa5 34. Rb8+ Ke7 35. Rb7 Rc5 36. f3 h5 37. Kf2 g6 38. Ke3 Kd8 39. Ra7
Re5+ 40. Kd2 Rg5 41. Ne2 Rb5 42. Ke3 Rb2 43. Ra8+ Ke7 44. Ra7 d5 45. d4 Kd6 46.
Ra8 Rb3+ 47. Kf2 Bf5 48. Ra7 Rb2 49. Ke3 Rb3+ 50. Kf2 Be6 51. Nf4 Rb2+ 52. Ke3
g5 53. Nxh5 Rxg2 54. Nf6 c5 55. Ne8+ Kc6 56. Rc7+ Kb5 57. Rxc5+ Kb6 58. g4 Ra2
59. Rc3 Ra7 60. Nf6 Re7 61. Kf2 Kb5 62. Nxd5 Bxd5 63. Rc5+ Kb4 64. Rxd5 Kc4 65.
Rxg5 Kxd4 66. Rf5 Ra7 67. Kg3 Ke3 68. Re5+ Kd4 69. Re8 Kd5 70. Kf4 Ra3 71. Re7
f6 72. Re3 Ra5 73. Kf5 Kd4+ 74. Kf4 Kd5 75. Re1 Kd6 76. Kg3 Ra3 77. Re2 Rb3 78.
Kf4 Rb5 79. Re3 Ra5 80. Re2 Rb5 81. Re3 Ra5 82. Ke4 1/2-1/2

[Event "FIDE WCC Blitz 2016 Men"]
[Site "Doha"]
[Date "2016.12.29"]
[Round "4"]
[White "Salem, A R  Saleh"]
[Black "Mamedyarov, Shakhriyar"]
[Result "1-0"]
[WhiteElo "2656"]
[BlackElo "2768"]
[PlyCount "81"]
[EventDate "2016.??.??"]
[EventType "blitz"]
[EventCountry "QAT"]
[SourceTitle "playchess.com"]
[Source "ChessBase"]

1. d4 d5 2. c4 c6 3. Nf3 Nf6 4. Nc3 e6 5. Bg5 Nbd7 6. e3 Be7 7. Qc2 a6 8. Rd1
O-O 9. Bd3 h6 10. Bh4 dxc4 11. Bxc4 b5 12. Be2 Bb7 13. O-O Rc8 14. Ne5 Nxe5 15.
dxe5 Nd7 16. Bxe7 Qxe7 17. f4 c5 18. Rd6 c4 19. Ne4 f5 20. exf6 Nxf6 21. Nxf6+
Qxf6 22. Bg4 Rfe8 23. Rfd1 c3 24. bxc3 Rxc3 25. Qd2 Rc6 26. h3 Kh8 27. Rxc6
Bxc6 28. Qd6 Qc3 29. Kh2 Bd5 30. Qd7 Qc6 31. Qxc6 Bxc6 32. Rd6 Bd5 33. Rxa6 b4
34. Rb6 Ra8 35. Rxb4 h5 36. Bxh5 Rxa2 37. e4 Bc6 38. Bg6 Ra8 39. Rb6 Rc8 40. g4
Kg8 41. e5 1-0

[Event "FIDE WCC Blitz 2016 Men"]
[Site "Doha"]
[Date "2016.12.29"]
[Round "4"]
[White "Aleksandrov, Aleksej"]
[Black "Wojtaszek, Radoslaw"]
[Result "0-1"]
[WhiteElo "2574"]
[BlackElo "2749"]
[PlyCount "92"]
[EventDate "2016.??.??"]
[EventType "blitz"]
[EventCountry "QAT"]
[SourceTitle "playchess.com"]
[Source "ChessBase"]

1. d4 Nf6 2. c4 e6 3. Nc3 Bb4 4. e3 O-O 5. Nge2 Re8 6. a3 Bf8 7. Ng3 d5 8. Be2
b6 9. O-O Bb7 10. Qc2 c5 11. dxc5 bxc5 12. Rd1 Nbd7 13. b3 Qc7 14. Bb2 a6 15.
Rac1 Rad8 16. Bf1 dxc4 17. Bxc4 Qc6 18. Bf1 h5 19. h3 h4 20. Nge2 Ne5 21. Na4
Nf3+ 22. Kh1 Ne4 23. Nf4 Nfd2 24. Kg1 Nxf1 25. Rxd8 Rxd8 26. Rxf1 Rd2 27. Qc1
Bd6 28. f3 Bxf4 29. exf4 Re2 30. Nc3 Ng3 31. Rf2 Rxf2 32. Kxf2 c4 33. b4 Nf5
34. Ne4 Qb6+ 35. Nc5 Bd5 36. Qc3 a5 37. Bc1 axb4 38. Qxb4 Qa7 39. a4 Nd4 40.
Be3 Nc2 41. Qc3 Nxe3 42. Qxe3 Qa5 43. g3 hxg3+ 44. Kxg3 c3 45. Qd4 c2 46. Nd3
Qd2 0-1

[Event "FIDE WCC Blitz 2016 Men"]
[Site "Doha"]
[Date "2016.12.29"]
[Round "5"]
[White "Vallejo Pons, Francisco"]
[Black "Aleksandrov, Aleksej"]
[Result "1/2-1/2"]
[WhiteElo "2711"]
[BlackElo "2574"]
[PlyCount "101"]
[EventDate "2016.??.??"]
[EventType "blitz"]
[EventCountry "QAT"]
[SourceTitle "playchess.com"]
[Source "ChessBase"]

1. e4 e5 2. Nf3 Nc6 3. Bb5 Nf6 4. Nc3 Nd4 5. Ba4 c6 6. d3 Nxf3+ 7. Qxf3 Be7 8.
Bb3 O-O 9. O-O d6 10. Qe2 Nd7 11. f4 Nc5 12. Be3 Nxb3 13. axb3 exf4 14. Rxf4
Bg5 15. Rf2 Bxe3 16. Qxe3 a6 17. Raf1 Qe7 18. Rf4 b5 19. Ne2 a5 20. Nd4 Bd7 21.
Qg3 Qe5 22. c3 a4 23. bxa4 bxa4 24. Qf2 Qe7 25. g4 a3 26. bxa3 Rxa3 27. Qb2
Raa8 28. Nf5 Bxf5 29. gxf5 Qf6 30. d4 Ra7 31. Kh1 Rfa8 32. Qg2 Ra3 33. Qg3 Ra1
34. R4f2 h6 35. e5 dxe5 36. dxe5 Qg5 37. Qxg5 hxg5 38. Kg2 Rxf1 39. Rxf1 Ra5
40. Re1 Kf8 41. Kf3 Ra4 42. Re4 Ra2 43. Rc4 Rxh2 44. Rxc6 Rh4 45. Ke3 Rf4 46.
f6 gxf6 47. exf6 Ke8 48. Rd6 Rf1 49. c4 g4 50. Rd4 Rxf6 51. Rxg4 1/2-1/2

[Event "FIDE WCC Blitz 2016 Men"]
[Site "Doha"]
[Date "2016.12.29"]
[Round "6"]
[White "Bok, Benjamin"]
[Black "Moiseenko, Alexander"]
[Result "1-0"]
[WhiteElo "2598"]
[BlackElo "2657"]
[PlyCount "66"]
[EventDate "2016.??.??"]
[EventType "blitz"]
[EventCountry "QAT"]
[SourceTitle "playchess.com"]
[Source "ChessBase"]

1. d4 Nf6 2. c4 e6 3. Nf3 Bb4+ 4. Nbd2 b6 5. a3 Bxd2+ 6. Qxd2 Bb7 7. e3 O-O 8.
Be2 d6 9. O-O Nbd7 10. b4 Ne4 11. Qc2 f5 12. d5 exd5 13. Bb2 c5 14. cxd5 Bxd5
15. Rad1 Bb7 16. Bc4+ Kh8 17. Be6 Qe7 18. Qb3 b5 19. Bxd7 Qxd7 20. bxc5 Nxc5
21. Qc3 Bxf3 22. Rxd6 Qe7 23. Qxc5 Qg5 24. g3 Rf7 25. Qd4 Rg8 26. Rc1 f4 27.
exf4 Qg4 28. Qd3 Ba8 29. Rd8 Qh3 30. f3 Qe6 31. Rd1 h6 32. Rd6 Qh3 33. Qg6 Bxf3
1-0

[Event "FIDE WCC Blitz 2016 Men"]
[Site "Doha"]
[Date "2016.12.29"]
[Round "6"]
[White "Leko, Peter"]
[Black "Aleksandrov, Aleksej"]
[Result "1-0"]
[WhiteElo "2693"]
[BlackElo "2574"]
[PlyCount "118"]
[EventDate "2016.??.??"]
[EventType "blitz"]
[EventCountry "QAT"]
[SourceTitle "playchess.com"]
[Source "ChessBase"]

1. e4 e5 2. Nf3 Nc6 3. Bc4 Bc5 4. O-O Nf6 5. d3 d6 6. c3 O-O 7. h3 h6 8. Re1 a6
9. a4 Re8 10. Nbd2 Be6 11. b4 Ba7 12. Bxe6 Rxe6 13. Qc2 Re8 14. Nf1 Ne7 15. Ng3
c6 16. c4 Ng6 17. Bd2 d5 18. Rad1 Rc8 19. Nf5 Bb8 20. c5 Qd7 21. Qc1 Ne7 22.
Ng3 Ng6 23. Nf5 Ne7 24. N3h4 Nxf5 25. Nxf5 Re6 26. Re3 Ne8 27. Rg3 Kh7 28. Re1
Rd8 29. Bc3 Rg6 30. Rxg6 fxg6 31. Nh4 Nf6 32. Nf3 Re8 33. Qb2 d4 34. Bd2 g5 35.
Nh2 Nh5 36. Rb1 Qe7 37. Qb3 Rf8 38. Qd1 Nf4 39. Bxf4 gxf4 40. Nf3 Bc7 41. Nd2
Qe6 42. Qb3 Qg6 43. Nf3 Qe8 44. b5 axb5 45. axb5 cxb5 46. Qxb5 Qc6 47. Qxc6
bxc6 48. Rb7 Rc8 49. Ra7 Kg8 50. Ra6 Bd8 51. Nxe5 Be7 52. Rxc6 Rxc6 53. Nxc6
Bxc5 54. Kf1 Kf7 55. Ke2 Ke6 56. Kf3 g5 57. Na5 Be7 58. Nc4 h5 59. h4 g4+ 1-0

[Event "FIDE WCC Blitz 2016 Men"]
[Site "Doha"]
[Date "2016.12.29"]
[Round "6"]
[White "Karjakin, Sergey"]
[Black "Adly, Ahmed"]
[Result "1-0"]
[WhiteElo "2785"]
[BlackElo "2599"]
[PlyCount "98"]
[EventDate "2016.??.??"]
[EventType "blitz"]
[EventCountry "QAT"]
[SourceTitle "playchess.com"]
[Source "ChessBase"]

1. e4 c5 2. Nf3 d6 3. Bb5+ Bd7 4. c4 Nf6 5. Nc3 a6 6. Bxd7+ Qxd7 7. d4 cxd4 8.
Nxd4 Qg4 9. Qxg4 Nxg4 10. Nd5 Kd8 11. f3 Ne5 12. Nb6 Ra7 13. Be3 a5 14. Ke2 Ra6
15. Nb5 Nbd7 16. Nxd7 Kxd7 17. c5 Nc4 18. Bf2 Nxb2 19. Rhc1 Rc6 20. a4 e6 21.
Ra2 Nxa4 22. Rxa4 dxc5 23. Rxa5 Ra6 24. Rxa6 bxa6 25. Nc3 Bd6 26. Na4 Rb8 27.
Nxc5+ Ke8 28. Nd3 a5 29. e5 Be7 30. Rc4 Rb5 31. Rc8+ Kd7 32. Ra8 f5 33. exf6
gxf6 34. Ra7+ Ke8 35. g4 f5 36. Bd4 fxg4 37. fxg4 h5 38. Ne5 hxg4 39. Ra8+ Bd8
40. Nc6 Kd7 41. Nxd8 Rd5 42. Be3 Rh5 43. Bf4 Rf5 44. Bg3 Rf8 45. Ra7+ Kxd8 46.
Ra8+ Ke7 47. Bd6+ Kxd6 48. Rxf8 Kc5 49. Rg8 Kd5 1-0

[Event "FIDE WCC Blitz 2016 Men"]
[Site "Doha"]
[Date "2016.12.29"]
[Round "7"]
[White "Flores, Diego"]
[Black "Potapov, Pavel"]
[Result "1-0"]
[WhiteElo "2579"]
[BlackElo "2493"]
[PlyCount "74"]
[EventDate "2016.??.??"]
[EventType "blitz"]
[EventCountry "QAT"]
[SourceTitle "playchess.com"]
[Source "ChessBase"]

1. c4 f5 2. g3 Nf6 3. Bg2 g6 4. Nc3 Bg7 5. d3 d6 6. e4 e5 7. Nge2 O-O 8. O-O
Nc6 9. Nd5 h6 10. Rb1 g5 11. exf5 Bxf5 12. Nec3 Qd7 13. Nxf6+ Bxf6 14. Be3 Bg7
15. Re1 Bh3 16. Be4 Rab8 17. b4 Nd4 18. Bxd4 exd4 19. Nd5 Be6 20. Qe2 c6 21.
Bg6 Bg4 22. Ne7+ Kh8 23. Qe4 Rf6 24. Bh7 Bf3 25. Ng6+ Kxh7 26. Nf8+ Kh8 27.
Nxd7 Bxe4 28. Rxe4 Rbf8 29. Nxf8 Rxf8 30. Rbe1 Kh7 31. Re7 b5 32. cxb5 cxb5 33.
Rxa7 Kg6 34. Re6+ Bf6 35. Rxd6 Kf5 36. Kg2 Ke5 37. Rb6 g4 1-0

[Event "FIDE WCC Blitz 2016 Men"]
[Site "Doha"]
[Date "2016.12.29"]
[Round "7"]
[White "Tari, Aryan"]
[Black "AL-Sayed, Mohammed"]
[Result "1-0"]
[WhiteElo "2584"]
[BlackElo "2508"]
[PlyCount "83"]
[EventDate "2016.??.??"]
[EventType "blitz"]
[EventCountry "QAT"]
[SourceTitle "playchess.com"]
[Source "ChessBase"]

1. e4 c5 2. Nf3 d6 3. d4 cxd4 4. Nxd4 Nf6 5. Nc3 a6 6. h3 e6 7. g4 Nfd7 8. g5
b5 9. a3 Bb7 10. Be3 Be7 11. h4 Nc6 12. Qd2 Na5 13. f4 Rc8 14. O-O-O Nb6 15. f5
Nac4 16. Bxc4 Nxc4 17. Qe1 e5 18. Nb3 Qc7 19. Bd2 Bc6 20. Kb1 Qb7 21. Bc1 a5
22. Nd5 a4 23. Na5 Nxa5 24. Qxa5 Bd8 25. Qb4 Bxd5 26. Rxd5 O-O 27. Qxd6 Bc7 28.
Qb4 Bb8 29. Rxb5 Qc6 30. Qxa4 Rfd8 31. Re1 Bd6 32. Qb3 Rc7 33. g6 hxg6 34. fxg6
Bf8 35. gxf7+ Rxf7 36. Rf1 Rdd7 37. Rxf7 Rxf7 38. Rxe5 g6 39. Re6 Qd7 40. Rxg6+
Kh7 41. Qe6 Qc7 42. Rg1 1-0

[Event "FIDE WCC Blitz 2016 Men"]
[Site "Doha"]
[Date "2016.12.29"]
[Round "7"]
[White "Tregubov, Pavel V"]
[Black "Grandelius, Nils"]
[Result "1-0"]
[WhiteElo "2585"]
[BlackElo "2643"]
[PlyCount "65"]
[EventDate "2016.??.??"]
[EventType "blitz"]
[EventCountry "QAT"]
[SourceTitle "playchess.com"]
[Source "ChessBase"]

1. d4 Nf6 2. c4 e6 3. Nc3 Bb4 4. e3 O-O 5. Bd3 c5 6. Nge2 d5 7. cxd5 cxd4 8.
exd4 Nxd5 9. O-O Nc6 10. Nxd5 exd5 11. Nf4 Bd6 12. Re1 Bxf4 13. Bxf4 Be6 14.
Qh5 g6 15. Qh6 Qf6 16. Be5 Nxe5 17. dxe5 Qe7 18. h4 Rfe8 19. h5 Qf8 20. Qf4
Rac8 21. Re3 Qg7 22. h6 Qf8 23. Ree1 Qe7 24. Rac1 a6 25. Rxc8 Rxc8 26. Rc1
Rxc1+ 27. Qxc1 d4 28. a3 Bd5 29. Qf4 Qc5 30. Kh2 b6 31. b4 Qf8 32. Bxa6 Qa8 33.
Qxd4 1-0

[Event "FIDE WCC Blitz 2016 Men"]
[Site "Doha"]
[Date "2016.12.29"]
[Round "7"]
[White "Aleksandrov, Aleksej"]
[Black "Mareco, Sandro"]
[Result "0-1"]
[WhiteElo "2574"]
[BlackElo "2635"]
[PlyCount "72"]
[EventDate "2016.??.??"]
[EventType "blitz"]
[EventCountry "QAT"]
[SourceTitle "playchess.com"]
[Source "ChessBase"]

1. d4 Nf6 2. c4 e6 3. Nc3 Bb4 4. e3 O-O 5. Nge2 d5 6. a3 Be7 7. cxd5 exd5 8. g3
c6 9. Bg2 Na6 10. O-O Nc7 11. Qc2 Re8 12. Bd2 a6 13. Rad1 Nb5 14. f3 Be6 15.
Nf4 Bd7 16. Be1 Bf8 17. Bf2 g6 18. h3 Bh6 19. Nce2 Nd6 20. Rfe1 Nc4 21. e4 Qb6
22. Rb1 a5 23. a4 Bg7 24. Qd3 h5 25. Nc3 Qb4 26. g4 hxg4 27. hxg4 dxe4 28. Nxe4
Nxe4 29. Rxe4 Rxe4 30. fxe4 Bxg4 31. Be1 Nxb2 32. Bxb4 Nxd3 33. Nxd3 axb4 34.
Rxb4 Rd8 35. e5 Bf8 36. Nc5 Rxd4 0-1

[Event "FIDE WCC Blitz 2016 Men"]
[Site "Doha"]
[Date "2016.12.29"]
[Round "7"]
[White "Najer, Evgeniy"]
[Black "Lu, Shanglei"]
[Result "0-1"]
[WhiteElo "2679"]
[BlackElo "2627"]
[PlyCount "51"]
[EventDate "2016.??.??"]
[EventType "blitz"]
[EventCountry "QAT"]
[SourceTitle "playchess.com"]
[Source "ChessBase"]

1. e4 c5 2. Nf3 d6 3. Bb5+ Nd7 4. c3 Ngf6 5. Qe2 a6 6. Ba4 b5 7. Bc2 e5 8. d4
Be7 9. O-O O-O 10. Rd1 Qc7 11. h3 Bb7 12. d5 g6 13. Bg5 Rfe8 14. g4 h5 15. Nh2
Nxd5 16. exd5 Bxg5 17. gxh5 Nf6 18. hxg6 fxg6 19. Bxg6 Rf8 20. Bf5 Qg7 21. Ng4
Nh5 22. Qe4 Nf4 23. Kf1 Rf7 24. Ne3 Raf8 25. Ke1 Bh4 26. Bg4 0-1

[Event "FIDE WCC Blitz 2016 Men"]
[Site "Doha"]
[Date "2016.12.29"]
[Round "8"]
[White "Grandelius, Nils"]
[Black "Gholami, Aryan"]
[Result "1/2-1/2"]
[WhiteElo "2643"]
[BlackElo "2422"]
[PlyCount "134"]
[EventDate "2016.??.??"]
[EventType "blitz"]
[EventCountry "QAT"]
[SourceTitle "playchess.com"]
[Source "ChessBase"]

1. d4 Nf6 2. Nc3 d5 3. Bf4 e6 4. Nb5 Na6 5. e3 Be7 6. Nf3 c6 7. Nc3 Nc7 8. Bd3
O-O 9. e4 dxe4 10. Nxe4 Ncd5 11. Bd2 Nxe4 12. Bxe4 Nf6 13. Bd3 b6 14. Qe2 Bb7
15. O-O-O Qc7 16. Ne5 c5 17. dxc5 Qxc5 18. f4 Rac8 19. Kb1 Rfd8 20. Rhe1 Bd5
21. g4 Nd7 22. Nxd7 Rxd7 23. f5 Qc6 24. fxe6 Bxe6 25. Bc3 Qa4 26. b3 Qxg4 27.
Qxg4 Bxg4 28. Bxh7+ Kxh7 29. Rxd7 Bxd7 30. Rxe7 Be6 31. Kb2 a6 32. Ra7 a5 33.
Bd4 Rc6 34. Ra6 Rd6 35. Be3 Rd5 36. Rxb6 Re5 37. Bf4 Re2 38. Rb5 a4 39. bxa4
Re4 40. Bg3 Rxa4 41. a3 Kg6 42. Rb4 Ra6 43. a4 Bd7 44. Kb3 f5 45. c4 Be6 46.
Rb5 Kf7 47. Kb4 g5 48. h4 f4 49. Bh2 f3 50. Bg3 gxh4 51. Bxh4 Bxc4 52. Rf5+ Kg6
53. Rxf3 Be6 54. Rf6+ Kh5 55. Bf2 Kg5 56. Bd4 Bc8 57. Rf8 Bf5 58. a5 Bd3 59.
Bb6 Be2 60. Kc5 Bd3 61. Bc7 Be2 62. Bb6 Ra8 63. Kc6 Re8 64. Kb7 Re6 65. a6
Bxa6+ 66. Kxa6 Re1 67. Rd8 Re5 1/2-1/2

[Event "FIDE WCC Blitz 2016 Men"]
[Site "Doha"]
[Date "2016.12.29"]
[Round "9"]
[White "Gholami, Aryan"]
[Black "Jumabayev, Rinat"]
[Result "1-0"]
[WhiteElo "2422"]
[BlackElo "2611"]
[PlyCount "166"]
[EventDate "2016.??.??"]
[EventType "blitz"]
[EventCountry "QAT"]
[SourceTitle "playchess.com"]
[Source "ChessBase"]

1. c4 Nf6 2. Nc3 e6 3. d4 Bb4 4. e3 d5 5. Bd3 O-O 6. Nge2 b6 7. a3 Be7 8. O-O
Bb7 9. cxd5 exd5 10. b4 Re8 11. f3 c5 12. bxc5 bxc5 13. Rb1 Qc8 14. dxc5 Bxc5
15. Nd4 Nbd7 16. Nce2 Ne5 17. Bf5 Qc7 18. Nb5 Qe7 19. Nbd4 Ba6 20. Re1 Bxa3 21.
Bxa3 Qxa3 22. Rb3 Qd6 23. Ng3 Bc4 24. Rc3 a5 25. Bb1 g6 26. f4 Ned7 27. e4 Qb4
28. Qc1 Qb6 29. Qd2 Rac8 30. e5 Ne4 31. Bxe4 dxe4 32. Nxe4 Bd5 33. Nd6 Rxc3 34.
Qxc3 Rb8 35. Kh1 Qb4 36. Qe3 Nf8 37. f5 Qb2 38. Re2 Qa1+ 39. Re1 Rb1 40. Nc2
Rxe1+ 41. Qxe1 Qxe1+ 42. Nxe1 Nd7 43. Nd3 a4 44. fxg6 hxg6 45. Nb4 Bb3 46. Nb5
Nxe5 47. Na3 Nc4 48. Nxc4 Bxc4 49. Nc2 Bd3 50. Na3 Kg7 51. Kg1 Kf6 52. Kf2 Ke5
53. Ke3 Ba6 54. g3 Kf5 55. Kf3 Bd3 56. Ke3 Ba6 57. Kf3 Bb7+ 58. Ke3 Kg4 59. Kf2
Ba6 60. Kg2 Bb7+ 61. Kf2 Kh3 62. Kg1 Be4 63. Nc4 f6 64. Na3 Bd3 65. Kh1 g5 66.
Kg1 Be4 67. Nc4 Bd5 68. Na3 Bb7 69. Nc4 Ba6 70. Na3 Bd3 71. Kh1 Kg4 72. Kg2 Kf5
73. Kf3 Ba6 74. Ke3 Ke5 75. h4 gxh4 76. gxh4 Kf5 77. Kf3 Bd3 78. Ke3 Be4 79.
Nc4 Bc6 80. Kd4 Kg4 81. Kc5 Bf3 82. Kb4 Bc6 83. Kc5 Be8 1-0

[Event "FIDE WCC Blitz 2016 Men"]
[Site "Doha"]
[Date "2016.12.29"]
[Round "9"]
[White "Wojtaszek, Radoslaw"]
[Black "Volokitin, Andrei"]
[Result "1-0"]
[WhiteElo "2749"]
[BlackElo "2649"]
[PlyCount "96"]
[EventDate "2016.??.??"]
[EventType "blitz"]
[EventCountry "QAT"]
[SourceTitle "playchess.com"]
[Source "ChessBase"]

1. Nf3 Nf6 2. d4 g6 3. e3 Bg7 4. Be2 O-O 5. O-O c5 6. dxc5 Qa5 7. a3 Qxc5 8. b4
Qc7 9. Bb2 d5 10. Nbd2 Bg4 11. Rc1 Nbd7 12. c4 dxc4 13. Rxc4 Qb8 14. Qa1 Bxf3
15. Nxf3 Rc8 16. Rfc1 Rxc4 17. Bxc4 e6 18. Bb5 Qf8 19. Bxd7 Nxd7 20. Bxg7 Qxg7
21. Qxg7+ Kxg7 22. Rc7 Rd8 23. g4 Nf6 24. Ne5 Rf8 25. Rxb7 a6 26. a4 h5 27. h3
hxg4 28. hxg4 Nd5 29. b5 axb5 30. axb5 g5 31. e4 Nc3 32. f3 Na4 33. Kf2 Nc5 34.
Rc7 Na4 35. Ke3 Kg8 36. Nd7 Rd8 37. b6 Rxd7 38. Rxd7 Nxb6 39. Rd8+ Kg7 40. Kd4
Kf6 41. Kc5 Na4+ 42. Kb4 Nb6 43. Kb5 Ke7 44. Rg8 Nd7 45. Rxg5 Kf6 46. f4 e5 47.
Rf5+ Ke6 48. fxe5 Nxe5 1-0

[Event "FIDE WCC Blitz 2016 Men"]
[Site "Doha"]
[Date "2016.12.29"]
[Round "9"]
[White "Aronian, Levon"]
[Black "Li, Chao b"]
[Result "1-0"]
[WhiteElo "2785"]
[BlackElo "2720"]
[PlyCount "59"]
[EventDate "2016.??.??"]
[EventType "blitz"]
[EventCountry "QAT"]
[SourceTitle "playchess.com"]
[Source "ChessBase"]

1. Nf3 Nf6 2. c4 g6 3. Nc3 Bg7 4. e4 c5 5. d4 Qa5 6. Bd3 Ng4 7. Be2 Nc6 8. d5
Nd4 9. O-O Nxe2+ 10. Qxe2 d6 11. Bf4 O-O 12. e5 dxe5 13. Nxe5 Nf6 14. Rad1 Re8
15. Rfe1 Bf5 16. g4 Bc8 17. Qf3 h5 18. h3 a6 19. Bg3 hxg4 20. hxg4 Rf8 21. Kg2
Nh7 22. Rh1 Qb6 23. Qe2 f5 24. d6 exd6 25. Nxg6 Qc6+ 26. Nd5 Re8 27. Nge7+ Rxe7
28. Qxe7 Bd7 29. Rxh7 Kxh7 30. Qf7 1-0

[Event "FIDE WCC Blitz 2016 Men"]
[Site "Doha"]
[Date "2016.12.29"]
[Round "9"]
[White "Mchedlishvili, Mikheil"]
[Black "Nguyen, Ngoc Truong Son"]
[Result "1/2-1/2"]
[WhiteElo "2601"]
[BlackElo "2629"]
[PlyCount "135"]
[EventDate "2016.??.??"]
[EventType "blitz"]
[EventCountry "QAT"]
[SourceTitle "playchess.com"]
[Source "ChessBase"]

1. c4 e6 2. Nc3 d5 3. d4 Bb4 4. cxd5 exd5 5. Bf4 c6 6. e3 Bf5 7. Qb3 Qb6 8.
Nge2 Be7 9. Ng3 Bg6 10. Be2 Nd7 11. O-O Ngf6 12. Rfc1 O-O 13. Na4 Qxb3 14. axb3
Ne4 15. Nxe4 Bxe4 16. f3 Bf5 17. Kf2 Rfc8 18. Nc3 Be6 19. Bd3 a6 20. Ne2 Bf6
21. Rd1 c5 22. Rac1 b5 23. Bd6 c4 24. Bc2 Rc6 25. Bf4 Rac8 26. bxc4 Rxc4 27.
Bd3 Rxc1 28. Rxc1 Rxc1 29. Nxc1 Be7 30. Nb3 Kf8 31. Na5 Ke8 32. Nc6 Bf8 33. h4
h5 34. e4 Nb6 35. Bd2 Bc8 36. b3 Bb7 37. Na5 Bc8 38. e5 g6 39. g3 Be6 40. Ke2
Kd7 41. Bc3 Kc7 42. Bd2 Nc8 43. b4 Nb6 44. Nb3 Nc4 45. Nc5 Bxc5 46. dxc5 Kc6
47. Bc3 Bc8 48. Bd4 a5 49. bxa5 Nxa5 50. Kd2 Nb3+ 51. Ke3 Nxc5 52. Bc2 Ne6 53.
Bb3 Ba6 54. g4 Bc8 55. gxh5 gxh5 56. Bc2 b4 57. Ba4+ Kc7 58. f4 Ng7 59. Bc5
Nf5+ 60. Kf2 Be6 61. Bxb4 Nxh4 62. Bd6+ Kb6 63. Bd1 Nf5 64. Bxh5 Nxd6 65. exd6
Kc6 66. f5 Bxf5 67. Bxf7 Kxd6 68. Bxd5 1/2-1/2

[Event "FIDE WCC Blitz 2016 Men"]
[Site "Doha"]
[Date "2016.12.29"]
[Round "9"]
[White "Aleksandrov, Aleksej"]
[Black "Shytaj, Luca"]
[Result "0-1"]
[WhiteElo "2574"]
[BlackElo "2435"]
[PlyCount "136"]
[EventDate "2016.??.??"]
[EventType "blitz"]
[EventCountry "QAT"]
[SourceTitle "playchess.com"]
[Source "ChessBase"]

1. d4 Nf6 2. c4 e6 3. Nc3 Bb4 4. e3 O-O 5. Nge2 Re8 6. a3 Bf8 7. Ng3 d5 8. Be2
dxc4 9. O-O c5 10. dxc5 Bxc5 11. Qc2 a6 12. Bxc4 b5 13. Be2 Nbd7 14. Nce4 Be7
15. Rd1 Qb6 16. a4 bxa4 17. Nxf6+ Nxf6 18. Qxa4 Bb7 19. Bd2 Bc6 20. Qa5 Qb8 21.
Rdc1 Bd5 22. b4 h5 23. f3 h4 24. Nf1 h3 25. g3 Bd8 26. Qa3 Bb6 27. Qb2 Qb7 28.
Kf2 Red8 29. Qe5 Rd7 30. Qg5 Rad8 31. Rc2 Bxf3 32. Bxf3 Ne4+ 33. Bxe4 Qxe4 34.
Rac1 Qg2+ 35. Ke1 Qg1 36. Ke2 Qg2+ 37. Ke1 Qg1 38. Qg4 Qg2 39. Rc8 Rxd2 40.
Rxd8+ Rxd8 41. Qe2 Qe4 42. Rc4 Qb1+ 43. Kf2 Qf5+ 44. Rf4 Qe5 45. Qxa6 Qb2+ 46.
Qe2 Qc1 47. Qh5 g6 48. Qxh3 Bxe3+ 49. Nxe3 Rd2+ 50. Kf3 Qh1+ 51. Kg4 Qe1 52.
Rf3 Rd4+ 53. Rf4 Qxe3 54. Rxd4 Qxd4+ 55. Kf3 Qd5+ 56. Ke2 Qe4+ 57. Kf1 Qxb4 58.
Qg2 Qb1+ 59. Kf2 Qb2+ 60. Kf3 Qxg2+ 61. Kxg2 Kg7 62. Kf3 Kf6 63. Ke4 Kg5 64.
Ke5 Kg4 65. Kf6 Kh3 66. Kxf7 e5 67. Kxg6 e4 68. g4 Kxg4 0-1